000 00311nam a2200121Ia 4500
005 20251222152023.0
008 251222s9999||||xx |||||||||||||| ||spa||
082 _a597.3/A69
245 0 _aGuía para la Determinación de Tiburones
250 _a1ra.ed.
264 _bBiblioteca Nacional del Perú
942 _cLIB
999 _c25382
_d25382